[Event "AZE-ch U20 Girls"]
[Site "Baku"]
[Date "2004.02.05"]
[Round "?"]
[White "Beydullayeva, Rafiga"]
[Black "Aliyeva, Roza"]
[Result "0-1"]
[WhiteElo "1832"]
[BlackElo "2026"]
[PlyCount "48"]
[EventDate "2004.01.??"]
[EventType "tourn"]
[EventRounds "11"]
[EventCountry "AZE"]
[SourceTitle "EXT 2005"]
[Source "ChessBase"]
[SourceDate "2004.11.15"]
[SourceVersion "1"]
[SourceVersionDate "2004.11.15"]
[SourceQuality "1"]

1. d4 Nf6 2. c4 g6 3. Nc3 d5 4. cxd5 Nxd5 5. Nxd5 Qxd5 6. Nf3 Bg7 7. e3 0-0 8. h3 c5 9. Be2 Nc6 10. dxc5 Qxc5 11. 0-0 Bf5 12. a3 Bc2 13. Qe1 a5 14. Bd1 Bd3 15. Be2 Bc2 16. Bd1 Rfd8 17. Bxc2 Qxc2 18. Ra2 Qb1 19. Bd2 Qxa2 20. Bc3 e5 21. Nd2 b5 22. Qb1 Qxb1 23. Rxb1 b4 24. axb4 axb4 0-1

[Event "AZE-ch U20 Girls"]
[Site "Baku"]
[Date "2004.02.02"]
[Round "?"]
[White "Bakhtiyarly, Aysel Anvar Qizi"]
[Black "Beydullayeva, Rafiga"]
[Result "1-0"]
[WhiteElo "1929"]
[BlackElo "1832"]
[PlyCount "40"]
[EventDate "2004.01.??"]
[EventType "tourn"]
[EventRounds "11"]
[EventCountry "AZE"]
[SourceTitle "EXT 2005"]
[Source "ChessBase"]
[SourceDate "2004.11.15"]
[SourceVersion "1"]
[SourceVersionDate "2004.11.15"]
[SourceQuality "1"]

1. e4 e5 2. Nf3 d6 3. d4 Nd7 4. Bc4 Be7 5. 0-0 Ngf6 6. Re1 0-0 7. Nc3 c6 8. a4 Qc7 9. b3 Rd8 10. Bb2 h6 11. Qd2 Nb6 12. Bf1 Bg4 13. a5 Nbd7 14. Re3 b6 15. axb6 axb6 16. h3 Rxa1 17. Bxa1 Ra8 18. Bb2 Bxf3 19. Rxf3 exd4 20. Qxd4 Ne5 1-0